Twentieth-century world / (Record no. 22399)
[ view plain ]
| 000 -LEADER | |
|---|---|
| fixed length control field | 00716nam a2200217 a 4500 |
| 003 - CONTROL NUMBER IDENTIFIER | |
| control field | PILC |
| 005 - DATE AND TIME OF LATEST TRANSACTION | |
| control field | 20160316100457.0 |
| 008 - FIXED-LENGTH DATA ELEMENTS--GENERAL INFORMATION | |
| fixed length control field | 121013s19uu xx 00 eng d |
| 020 ## - INTERNATIONAL STANDARD BOOK NUMBER | |
| International Standard Book Number | 9781111343996 |
| 050 ## - LIBRARY OF CONGRESS CALL NUMBER | |
| Classification number | D 443 |
| Item number | .F55 2011 |
| 100 ## - MAIN ENTRY--PERSONAL NAME | |
| Personal name | Findley, Carter V. |
| 245 ## - TITLE STATEMENT | |
| Title | Twentieth-century world / |
| Statement of responsibility, etc | Carter Vaughn Findley, John Alexander Murray Rothney. |
| 250 ## - EDITION STATEMENT | |
| Edition statement | 7th edition. |
| 260 ## - PUBLICATION, DISTRIBUTION, ETC. (IMPRINT) | |
| Place of publication, distribution, etc | Belmont, California : |
| Name of publisher, distributor, etc | Wadsworth Cengage Learning, |
| Date of publication, distribution, etc | 2011. |
| 300 ## - PHYSICAL DESCRIPTION | |
| Extent | 530 pages : |
| Other physical details | illustrations ; |
| Dimensions | 24 cm. |
| 500 ## - GENERAL NOTE | |
| General note | Includes bibliographical references and index. |
| 650 ## - SUBJECT ADDED ENTRY--TOPICAL TERM | |
| Topical term or geographic name as entry element | History, Modern |
| General subdivision | 20th century. |
| 700 ## - ADDED ENTRY--PERSONAL NAME | |
| Personal name | Rothney, John Alexander Murray. |
| 942 ## - ADDED ENTRY ELEMENTS (KOHA) | |
| Koha item type | Books |
| Source of classification or shelving scheme | Library of Congress Classification |
| Call number prefix | Foreign |
| Withdrawn status | Lost status | Source of classification or shelving scheme | Damaged status | Home library | Current library | Shelving location | Date acquired | Source of acquisition | Cost, normal purchase price | Total Checkouts | Full call number | Barcode | Date last seen | Copy number | Price effective from | Koha item type |
|---|---|---|---|---|---|---|---|---|---|---|---|---|---|---|---|---|
| Library of Congress Classification | College Library | College Library | General Circulation Section | 10/13/2012 | Library Fund | 4308.00 | D 443 .F55 2011 | C16366 | 05/15/2018 | 1 | 10/10/2013 | Books |